Foreign behavioural research of India (Record no. 103585)

MARC details
000 -LEADER
fixed length control field 00373nam a2200145Ia 4500
008 - FIXED-LENGTH DATA ELEMENTS--GENERAL INFORMATION
fixed length control field 230917s9999||||xx |||||||||||||| ||und||
040 ## - CATALOGING SOURCE
-- 6991
Original cataloging agency VIVEKANANDA LIBRARY
041 ## - Language
-- English
082 ## - DDC NUMBER
Classification number 301.1072054 P215E
100 ## - MAIN ENTRY--PERSONAL NAME
Personal name Pareek, Udai, ed.
245 #0 - TITLE STATEMENT
Title Foreign behavioural research of India
260 ## - PUBLICATION, DISTRIBUTION, ETC. (IMPRINT)
Place of publication, distribution, etc New Delhi
Name of publisher, distributor, etc Acharan Sahkar
Date of publication, distribution, etc 1970
300 ## - PHYSICAL DESCRIPTION
Pages 159 p.
942 ## - ADDED ENTRY ELEMENTS (KOHA)
Koha item type Books
Holdings
Withdrawn status Lost status Damaged status Not for loan Location (home branch) Sublocation or collection (holding branch) Date acquired Koha issues (times borrowed) Koha full call number Accession No. Koha date last seen Koha item type
        VIVEKANANDA LIBRARY VIVEKANANDA LIBRARY 28/08/2002   301.1072054 P215E 18784 17/09/2023 Books
© Designed and Maintained by Vivekananda Library, MDU Rohtak